Ciṛoṃpara cān̐danī. (Record no. 59258)

MARC details
000 -LEADER
fixed length control field 00682cam a22002291 4500
001 - CONTROL NUMBER
control field sa 64005673
003 - CONTROL NUMBER IDENTIFIER
control field DLC
005 - DATE AND TIME OF LATEST TRANSACTION
control field 20260227112034.0
008 - FIXED-LENGTH DATA ELEMENTS--GENERAL INFORMATION
fixed length control field 820728s1964 ii b 000 0 hinr
010 ## - LIBRARY OF CONGRESS CONTROL NUMBER
LC control number sa 64005673
035 ## - SYSTEM CONTROL NUMBER
System control number (OCoLC)8639247
040 ## - CATALOGING SOURCE
Original cataloging agency DLC
Transcribing agency NcD
Modifying agency NcD
-- DLC
042 ## - AUTHENTICATION CODE
Authentication code premarc
050 00 - LIBRARY OF CONGRESS CALL NUMBER
Classification number PK2098.V43
Item number Z5
100 1# - MAIN ENTRY--PERSONAL NAME
Personal name Verma, Nirmal,
Dates associated with a name 1929-2005.
245 10 - TITLE STATEMENT
Title Ciṛoṃpara cān̐danī.
Statement of responsibility, etc. [Lekhaka] Nirmala Varmā.
250 ## - EDITION STATEMENT
Edition statement [Prathama saṃsakaraṇa.
260 ## - PUBLICATION, DISTRIBUTION, ETC.
Place of publication, distribution, etc. Kalakattā]
Name of publisher, distributor, etc. Jñānapīṭha Prakāśana
Date of publication, distribution, etc. [1964].
300 ## - PHYSICAL DESCRIPTION
Extent 7, 195 p.
Dimensions 19 cm.
490 0# - SERIES STATEMENT
Series statement Jñāpīṭha lokodaya granthamālā, granthāṅka 187
500 ## - GENERAL NOTE
General note In Hindi.

No items available.

Powered by Koha